Fortnite Map Locations - Statistics

General Stats
  • This quiz has been taken 939 times
  • The average score is 6 of 18
Answer Stats
Initials Answer % Correct
TT Tilted Towers
91%
PP Pleasant Park
68%
SS Salty Springs
66%
JJ Junk Junction
54%
RR Retail Row
47%
DD Dusty Divot
44%
LL Lucky landing
38%
FF Fatal Fields
32%
PP Paradise Palms
30%
SS Snobby Shores
29%
LL Lonely Lodge
25%
LL Lazy Links
24%
SS Shifty Shafts
24%
TB The Block
15%
HH Happy Hamlet
11%
PP Polar peak
11%
TT Tomato Temple
11%
FF Frosty Flights
10%
No matching quizzes found
Score Distribution
Percent of People with Each Score
Percentile by Number Answered
Your Score History
You have not taken this quiz